000 00500nam a2200181 a 4500
005 20140310183409.0
008 121107s19uu xx 00 eng d
020 _a139780321758309
050 _aQA 276.12
_b.T834 2012
100 _aTriola, Mario F.
245 _aElementary statistics :
_btechnology update.
250 _a11th
260 _aBoston :
_bPearson,
_c2012.
300 _axxvii, 857 p.
_bill. ;
_c28 cm.
650 _aElementary statistics
942 _cBK
_2lcc
_kFOR
999 _c22465
_d22465